000 00741nam a2200217Ii 4500
003 JO-AjNU
008 230605s9999||||xx |||||||||||||| ||und||
040 _aJO-AjNU
_bara
_erda
_cJO-AjNU
041 _aara
050 1 4 _aBP173.6.H3848 1981
100 3 _aحوى، سعيد,
_eauthor
_940333
245 0 0 _aدروس في العمل الإسلامي
250 _aط1
264 3 1 _aعمان: مكتبة الرسالة الحديثة، 1981
300 _a125ص
336 _atext
_btxt
_2rdacontent
337 _aunmediated
_bn
_2rdamedia
338 _avolume
_bnc
_2rdacarrier
490 0 _aدراسات منهجية هادفة في البناء
650 4 _aالاسلام والاصلاح- الاسلام جوانب سياسية
_940334
999 _aA17107
_c20675
_d20675